00810nam a22001697a 4500008004100000020001500041050001500056100002400071245011300095250001200208260003000220300003000250500002000280505028200300650003100582700002700613120328t xxu||||| |||| 00| 0 eng d a0131918567 aHD62.7.Z55 aZimmerer, Thomas W. aEssentials of entrepreneurship and small business management /cThomas W. Zimmerer and Norman M. Scarborough a4th ed. aCanada:bPearson,cc2005. axiv, 577 p.:bill,c27cm. aIncludes index. aContents: The Challenge of entrepreneurship -- Building the business plan: Beginning considerations -- Building the business plan: Marketing consideration -- Building the business plan: Financial considerations -- Putting the business plan to work: Building a competitive edge. bSmall business-management. aScarborough, Norman M.